| 000 | 01091nam a22002417a 4500 | ||
|---|---|---|---|
| 999 |
_c7483 _d7483 |
||
| 003 | AR-CdUCM | ||
| 008 | 190320b ||||| |||| 00| 0 spa d | ||
| 020 | _a84-8387-030-4 | ||
| 040 |
_aMUNICIPALIDAD PROVINCIAL DEL CUSCO _cBIBLIOTECA MUNICIPAL DEL CUSCO |
||
| 082 |
_a631 / _bM36 |
||
| 100 |
_aMedina Durand, Fransh G. _921104 |
||
| 245 |
_aImpacto social de pequeños proyectos de riego en economías campesinas : _bun estudio de caso en agroecosistemas semiáridos surandinos / |
||
| 260 |
_aCusco : _bCentro de estudios regionales andinos "Bartolomé de las casa", _c1995. |
||
| 300 |
_a191 páginas ; _c24 cm. |
||
| 440 |
_aTrabajos del colegio andino. _n19 _921105 |
||
| 505 | _aEvaluación de impacto y proyectos de riego -- La evaluación de impacto en el contexto de la planificación -- ONGs y proyectos de riego en el sur andino ... | ||
| 650 |
_aProyectos de riego _921106 |
||
| 650 |
_aImpacto social _921107 |
||
| 650 |
_aEconomía campesina _92215 |
||
| 710 |
_aCentro de estudios regionales andinos "Bartolomé de las casa" _921108 |
||
| 942 |
_2ddc _cLIBROS |
||
| 945 | _aacv | ||